Normal view MARC view
  • Sood A K & Nandini Madan, Donor

Entry Personal Name

Number of records used in: 1

001 - CONTROL NUMBER

  • control field: 115805

003 - CONTROL NUMBER IDENTIFIER

  • control field: OSt

005 - DATE AND TIME OF LATEST TRANSACTION

  • control field: 20230125045058.0

008 - FIXED-LENGTH DATA ELEMENTS

  • fixed length control field: 230125|| aca||aabn | a|a d

040 ## - CATALOGING SOURCE

  • Original cataloging agency: OSt
  • Transcribing agency: OSt

100 ## - HEADING--PERSONAL NAME

  • Personal name: Sood A K & Nandini Madan, Donor

670 ## - SOURCE DATA FOUND

  • Source citation: Work cat.: (OSt)93602: Sood A K 115804, Sales and Distribution Management, 2010